000 00360nam a22000977a 4500
008 130912b xxu||||| |||| 00| 0 eng d
010 _aHCMAF-108B
245 _aHigh Court Miscellanous Application No.0002 of 2013 1. Hon Mukasa Fred Mbidde 2.Hon Michael Mabike vs Law Develoment Centre
260 _aHigh Court Kampala
_c13/02/2013
500 _3Justice V.T. Zehurikize
999 _c5752
_d5752